00629nam a2200193Ia 4500008004100000020001400041082001600055100001800071245002300089250000700112260004500119300003000164500001900194600002100213650005000234942000700284952012900291999001500420240925s9999 xx 000 0 und d a131173340 a005.133 DEI aDeitel , H.M 0aC++ How to Program aNA aNew Jersey:bPrintice- Hall Int.c,1994. axxiii,566p.bNAfOriginal aIncludes Index aComputer Science aComputer science, information & general works cBK 001040708CSaUITUbUITUd1999-02-13ePrince Book Depog145.00l0o005.133 DEIpQ1862r2024-09-25 07:12:35w2024-09-25yBK c4361d4361